000 00716nam a22001577a 4500
003 OSt
005 20150922153615.0
008 150922b xxu||||| |||| 00| 0 eng d
040 _cRUA
082 _aAGR SOR 2010 B046 Or.1
100 _91128
_aSORN, SREYLEAK
245 _aEffect of chicken manure with different spacing on chinese radish in sandy loam soil condition ប្រសិទ្ធិភាពជាលាមកមាន់ ក្នុងចន្លោះគុម្ពផ្សេងគ្នាលើដំណាំឆៃថាវ ក្នុងលក្ខខណ្ឌដីល្បាយខ្សាច់
260 _aPhnom Penh
_bRUA
_c2010
300 _ax, 50p.
_bill.
_c29cm.
942 _2ddc
_cAGR
999 _c1080
_d1080